Manual práctico de tutela / (Registro nro. 49464)

Detalles MARC
000 -LEADER
fixed length control field 00719cam a2200241 a 4500
005 - DATE AND TIME OF LATEST TRANSACTION
control field 20250821142655.0
008 - FIXED-LENGTH DATA ELEMENTS--GENERAL INFORMATION
fixed length control field 021008s2002 ck f 001 0 spa
015 ## - NATIONAL BIBLIOGRAPHY NUMBER
National bibliography number ck-2002-xxxx
022 0# - INTERNATIONAL STANDARD SERIAL NUMBER
International Standard Serial Number 1657-8309
040 ## - CATALOGING SOURCE
Original cataloging agency CO-CtgCURN
Language of cataloging spa
Transcribing agency coctgcurn
082 04 - DEWEY DECIMAL CLASSIFICATION NUMBER
Classification number 347.072
Item number L514
Edition information 20
110 1# - MAIN ENTRY--CORPORATE NAME
Corporate name or jurisdiction name as entry element Legis.
222 #0 - KEY TITLE
Key title Manual práctico tutela
Qualifying information (Bogotá)
245 10 - TITLE STATEMENT
Title Manual práctico de tutela /
Statement of responsibility, etc. Legis.
250 ## - EDITION STATEMENT
Edition statement 1a. ed.
260 ## - PUBLICATION, DISTRIBUTION, ETC.
Place of publication, distribution, etc. Bogotá :
Name of publisher, distributor, etc. Legis,
Date of publication, distribution, etc. 2002.
300 ## - PHYSICAL DESCRIPTION
Extent 153 p. ;
Dimensions 26 cm.
500 ## - GENERAL NOTE
General note Incluye índice alfabético/informativo.
650 14 - SUBJECT ADDED ENTRY--TOPICAL TERM
Topical term or geographic name entry element Tutela.
650 24 - SUBJECT ADDED ENTRY--TOPICAL TERM
Topical term or geographic name entry element Acción de tutela.
942 ## - ADDED ENTRY ELEMENTS (KOHA)
Koha item type Libros
Source of classification or shelving scheme Dewey Decimal Classification
Classification part 347.072
Item part L514
Existencias
Withdrawn status Lost status Damaged status Not for loan Collection Home library Current library Shelving location Date acquired Total checkouts Full call number Barcode Date last seen Price effective from Koha item type
        General Miguel Henríquez Castañeda Miguel Henríquez Castañeda General 08/21/2025   347.072 L514 025176 08/21/2025 08/21/2025 Libros